Cases in managment (Record no. 153880)

MARC details
000 -LEADER
fixed length control field 00347nam a2200145Ia 4500
008 - FIXED-LENGTH DATA ELEMENTS--GENERAL INFORMATION
fixed length control field 230917s9999||||xx |||||||||||||| ||und||
040 ## - CATALOGING SOURCE
-- 181712
Original cataloging agency VIVEKANANDA LIBRARY
041 ## - Language
-- English
082 ## - DDC NUMBER
Classification number 658 C268C
100 ## - MAIN ENTRY--PERSONAL NAME
Personal name Lather, Anu Singh, ed.
245 #0 - TITLE STATEMENT
Title Cases in managment
260 ## - PUBLICATION, DISTRIBUTION, ETC. (IMPRINT)
Place of publication, distribution, etc Delhi
Name of publisher, distributor, etc Wisdom Press
Date of publication, distribution, etc 2009
300 ## - PHYSICAL DESCRIPTION
Pages 390 p.
942 ## - ADDED ENTRY ELEMENTS (KOHA)
Koha item type Books
Holdings
Withdrawn status Lost status Damaged status Not for loan Location (home branch) Sublocation or collection (holding branch) Shelving location Date acquired Koha issues (times borrowed) Koha full call number Accession No. Koha date last seen Koha item type
        VIVEKANANDA LIBRARY VIVEKANANDA LIBRARY IMSAR Library 22/03/2011   658 C268C 279846 17/09/2023 Books
        VIVEKANANDA LIBRARY VIVEKANANDA LIBRARY IMSAR Library 22/03/2011 1 658 C268C 322272 03/11/2023 Books
        VIVEKANANDA LIBRARY VIVEKANANDA LIBRARY IMSAR Library 22/03/2011   658 C268C 322273 17/09/2023 Books
© Designed and Maintained by Vivekananda Library, MDU Rohtak